Coleccin̤: Temas Selectos de Derecho Derecho electoral / Volumen 2

Detalles Bibliográficos
Autor principal: Baez Corona, Jose Francisco
Otros Autores: Garca̕ Mňdez, Carlos, Vs̀quez Gǹdara, Carlos Antonio, Vz̀quez Azuara, Carlos Antonio
Formato: eBook
Lenguaje:español
Publicado: Veracruz: Universidad de Xalapa, 2014
Materias:
Acceso en línea:Acceso restringido

MARC

LEADER 00000nam a22000007a 4500
005 20180327003142.0
007 cr|||| ||||
008 180327s2014 mx |||||s|||| 00||0 spa d
020 |a 978-607-9066-05-5 
035 |a 21182 
040 |a vLex 
090 |c 7553  |d 7553 
100 1 |a Baez Corona, Jose Francisco 
245 1 0 |a Coleccin̤: Temas Selectos de Derecho  |h [Recurso electrn̤ico] :  |b Derecho electoral /  |c Jose Francisco Baez Corona, Carlos Garca̕ Mňdez, Carlos Antonio Vs̀quez Gǹdara, Carlos Antonio Vz̀quez Azuara  |n Volumen 2 
256 |a Servicio en ln̕ea 
260 |a Veracruz:  |b Universidad de Xalapa,  |c 2014 
300 |a 1 recurso electrn̤ico 
506 1 |a Disponible solo en los productos indicados  |d vLex Global  |d vLex Global (Academic Edition, excluding Law Schools)  |d vLex Global (U.S. Academic Edition, Law Schools)  |d vLex Global (U.S. Academic Edition, excluding Law Schools)  |d vLex Global (Academic Edition, Law Schools) 
650 0 4 |a Derecho Constitucional  |z Mx̌ico 
700 1 |a Garca̕ Mňdez, Carlos 
700 1 |a Vs̀quez Gǹdara, Carlos Antonio 
700 1 |a Vz̀quez Azuara, Carlos Antonio 
740 0 |a vLex Libros (Servicio en ln̕ea) 
856 4 0 |u http://vlex.com/source/coleccion-temas-selectos-derecho-volumen-2-derecho-electoral-21182  |z Acceso restringido 
942 |c BOOK 
999 0 |a Constitutional right